Evangelistic preaching. (Record no. 11542)

000 -LEADER
fixed length control field 00540nam a2200181 a 4500
001 - CONTROL NUMBER
control field :::00009341$&:&@@
003 - CONTROL NUMBER IDENTIFIER
control field OkBaRHE
005 - DATE AND TIME OF LATEST TRANSACTION
control field 20000607103350.0
008 - FIXED-LENGTH DATA ELEMENTS--GENERAL INFORMATION
fixed length control field s1946 j 000 0 eng u
040 ## - CATALOGING SOURCE
Transcribing agency
100 1# - MAIN ENTRY--PERSONAL NAME
Personal name Short, Roy H.
245 10 - TITLE STATEMENT
Title Evangelistic preaching.
260 ## - PUBLICATION, DISTRIBUTION, ETC. (IMPRINT)
Place of publication, distribution, etc Nashville, TN., :
Name of publisher, distributor, etc Tidings General Board of Evangelism
Date of publication, distribution, etc c1946
300 ## - PHYSICAL DESCRIPTION
Extent 112 p. ;
Dimensions 19 cm.
650 ## - SUBJECT ADDED ENTRY--TOPICAL TERM
Topical term or geographic name as entry element Preaching
942 ## - ADDED ENTRY ELEMENTS (KOHA)
Source of classification or shelving scheme
Koha item type Books
Copies
Shelving location Source of classification or shelving scheme Permanent Location Full call number Not for loan Lost status Price effective from Date acquired Withdrawn status Date last seen Barcode Copy number Koha item type Damaged status
General Stacks RHEMA Bible Training CollegeBV 4211 .S53  2010-04-142010-04-14 2010-04-1493411Books